000
00269 a2200097 4500
001
32346
100
_a
Society of Automative engineering
245
_a
Fuel System Design for Fuel Economy and Reduced Emissions
260
_a
Warrendale
_b
SA
_c
1997
090
_c
21725
_d
21725
942
_a
NUST-CAE
_c
M
_c
13031
999
_c
267419
_d
267419